| 000 | 00557nam a2200229Ia 4500 | ||
|---|---|---|---|
| 008 | 150909s9999 xx 000 0 und d | ||
| 020 | _a8120405137 | ||
| 041 | _aEnglish | ||
| 082 | _a631.3 | ||
| 082 | _bSRI/EL | ||
| 100 | _aSrivastava A C | ||
| 100 | _eAuthor | ||
| 245 | _aElements of farm machinery | ||
| 260 | _aNew Delhi | ||
| 260 | _bOxford and IBH publishing | ||
| 260 | _c1995 | ||
| 300 | _a337 Pages | ||
| 365 | _aRs .75.00 | ||
| 650 | _aAgricultural economics | ||
| 650 | _aAgricultural Engineering | ||
| 942 | _cBB | ||
| 999 |
_c197768 _d197768 |
||